Nalaganje...
Grand canary /
| Glavni avtor: | |
|---|---|
| Format: | Printed Book |
| Izdano: |
London :
Victor Gollanz Ltd..
1972.
|
| Teme: |
| LEADER | 00412cam a2200133ua 4500 | ||
|---|---|---|---|
| 082 | 1 | 4 | |a 823.914 |b CRO-G |
| 100 | 1 | |a Cronin, A J. | |
| 245 | 0 | 0 | |a Grand canary / |
| 260 | |a London : |b Victor Gollanz Ltd.. |c 1972. | ||
| 300 | |a 318p.; | ||
| 650 | 0 | |a Scottish literature-fiction | |
| 942 | |c BK | ||
| 999 | |c 29622 |d 29622 | ||
| 952 | |0 0 |1 0 |4 0 |6 823_914000000000000_CROG |7 0 |9 37957 |a KU |b KU |d 2015-07-05 |l 0 |o 823.914 CRO-G |p EN02982 |r 2015-07-05 |y BK | ||